Countries That Border Turkey - Statistics

General Stats
  • This quiz has been taken 41 times
  • The average score is 7 of 8
Answer Stats
Country % Correct
Armenia
97%
Greece
97%
Iraq
97%
Iran
95%
Bulgaria
92%
Georgia
92%
Syria
92%
Azerbaijan
86%
No matching quizzes found
Score Distribution
Percent of People with Each Score
Percentile by Number Answered
Your Score History
You have not taken this quiz